000 00689nam a2200241 i 4500
001 C2-0324655
003 PPAK
005 20180728123003.0
008 131216s2013 nyua|||| ||||| | eng d
020 _a9780770437152
040 _aPPAK
_beng
_cPPAK
_erda
082 0 4 _a332.6092
_223
090 0 0 _a332.6092
_bDUF
_dLCK
100 1 _aDuff, Turney,
_eauthor
245 1 4 _aThe Buy Side :
_ba wall street trader's tale of spectacular excess
264 1 _aNew York :
_bCrown Business ,
_c2013
300 _a308 pages :
_billustrations ;
_c24 cm
336 _2rdacontent
_atext
337 _2rdamedia
_aunmediated
338 _2rdacarrier
_avolume
500 _aHadiah
942 _ddc
_cB
999 _c124608
_d124608